Responses for show #1704 - Thursday, January 16, 1992

Contestants

[<< previous game]

Jo-Ann Raines, an associate director from South Orange, New Jersey

Mark Zunk, a lawyer from Indianapolis, Indiana

Walter Mayes, a publisher sales representative from San Francisco, California (whose 1-day cash winnings total $15,200)

[next game >>]

Jeopardy! Round responses

AROUND THE WORLD
CLICHES
COOKING
WEAPONS
KIDDIE LIT
FINAL RESTING PLACES
    $100 14
(Jo-Ann: What is Japan?)

the United States

MarkJo-Ann
    $100 13
an ace

Jo-Ann
    $100 26
chowder

Walter
    $100 3
scud

Mark
    $100 1
Dr. Seuss

Walter
    $100 8
Rome

Walter
    $200 16
Belgrade

Mark
    $200 15
the hatchet

Jo-Ann
    $200 27
anchovies

Mark
    $200 4
a bayonet

Mark
    $200 2
Debby Boone

Mark
    $200 11
New York City

Walter
    $1,200 20
Nigeria

Walter
    $300 17
a diamond

Jo-Ann
    $300 28
batter

Walter
    $300 5
a lance

Mark
    $300 9
Dr. Doolittle

Walter
    $300 22
Winchester Cathedral

Walter
    $400 21
Chile

Mark
    $400 18
a start

Jo-Ann
    $400 29
a banger

Walter
    $400 6
a crossbow

Mark
    $400 10
Roald Dahl

Mark
    $400 24
Moses

Jo-Ann
    $500 23
Romania

Walter
    $500 19
batten down the hatches

Walter
    $500 30
a calzone

Walter
    $500 7
a mace

Mark
    $500 12
Waldo

Mark
    $500 25
Moscow

Mark

Scores at the first commercial break (after clue 15):

Walter Mark Jo-Ann
$700 $2,700 $200

Scores at the end of the Jeopardy! Round:

Walter Mark Jo-Ann
$4,500 $4,000 $1,300

Double Jeopardy! Round responses

THE 1850s
NONFICTION
SCIENCE
HANDCRAFTS
ISLANDS
HAIL TO THE CHIEF
    $200 11
Japan

Walter
    $200 6
Angela Lansbury

Walter
    $200 21
igneous

Walter
    $200 24
a wave

Jo-Ann
    $200 16
the Canary Islands

Jo-Ann
    $200 1
Van Buren

Mark
    $400 12
Longfellow

Walter
    $400 7
(Jo-Ann: What is the sinking of the Lusitania?)

the sinking of the Titanic

WalterJo-Ann
    $400 22
(Walter: What are neutrons and photons?)

protons and neutrons

Walter
Triple Stumper
    $400 25
(Walter: What is a camel?

a goat

Walter
Triple Stumper
    $400 17
Greenland

Walter
    $400 2
(Walter : What is the Senate?)

(Mark: What is the Governor of New York?)

the House of Representatives

WalterMark
Triple Stumper
    $600 13
Napoleon III

Mark
    $600 8
Betty Friedan

Walter
    $600 23
the stratosphere

Mark
    $600 26
silk screening

Walter
    $600 18
(Jo-Ann: What are the Falkland Islands?)

Tierra Del Fuego

Jo-Ann
Triple Stumper
    $600 3
Herbert Hoover

Mark
    $800 14
the Sepoy Revolt

Mark
    $800 9
Poker

Walter
    $800 27
ribonucleic acid

Mark
    $800 28
weft

Triple Stumper
    $800 19
Padre Island

Triple Stumper
    $800 4
Andrew Jackson

Walter
    $1000 15
Balmoral

Mark
    $1000 10
Vincent Bugliosi

Walter
    $800 30
Fermi

Mark
    $1000 29
applique

Triple Stumper
    $1000 20
Crete

Walter
    $2,900 5
William McKinley

Walter

Scores at the end of the Double Jeopardy! Round:

Walter Mark Jo-Ann
$12,800 $9,000 $700

[wagering suggestions for these scores]

Final Jeopardy! Round responses

MOVIE MUSICALS
Jo-AnnWhat is Finian's Rainbow?
$500
MarkWhat is Oklahoma?
$7,550
WalterWhat is Oklahoma?
$5,201
Oklahoma!

Final scores:

Walter Mark Jo-Ann
$18,001 $16,550 $200
2-day champion: $33,201 & a copy of the Jeopardy! home game (The Pressman 25th anniversary) and a Jeopardy! computer game 2nd place: 5 day/5 night trip to Smuggler's Notch in Vermont w/airfare from Delta Airlines & a copy of the Jeopardy! home game (The Pressman 25th anniversary edition) and a Jeopardy! computer game 3rd place: Telescope from Meade & a copy of the Jeopardy! home game (The Pressman 25th anniversary edition) and a Jeopardy! computer game

Game dynamics:

Coryat scores:

Walter Mark Jo-Ann
$10,000 $9,200 $700
25 R
(including 2 DDs),
3 W
21 R
(including 1 DD),
1 W
7 R,
3 W

Combined Coryat: $19,900

The J! Archive is created by fans, for fans. The Jeopardy! game show and all elements thereof, including but not limited to copyright and trademark thereto, are the property of Jeopardy Productions, Inc. and are protected under law. This website is not affiliated with, sponsored by, or operated by Jeopardy Productions, Inc. Join the discussion at JBoard.tv.